Islington sees a dividend at the Co-op (Record no. 3736)

MARC details
000 -LEADER
fixed length control field 01012cab a2200193 4500
001 - CONTROL NUMBER
control field ABS37692
008 - FIXED-LENGTH DATA ELEMENTS--GENERAL INFORMATION
fixed length control field 090401t1987 xxu||||| |||| 00| 0 eng d
035 ## - SYSTEM CONTROL NUMBER
System control number (Sirsi) u6217
041 ## - LANGUAGE CODE
Language code of text/sound track or separate title eng
245 ## - TITLE STATEMENT
Title Islington sees a dividend at the Co-op
260 ## - PUBLICATION, DISTRIBUTION, ETC.
Date of publication, distribution, etc. 1987
350 ## - PRICE (NR) (BK AM CF MU VM SE) [OBSOLETE]
Price 0
490 ## - SERIES STATEMENT
Series statement Surveyor
Volume/sequential designation (Public Works Weekly) 168(4943) 7 May 1987, 10-13(
520 ## - SUMMARY, ETC.
Summary, etc. Examines the findings of a DoE survey on co-operative housing and uses the experiences of Islington London Borough Council to describe the setting up and running of tenant management companies. Outlines some conflicts of interest which can occur between the local authority and the co-operative, and how a balance can be achieved. Lists the main advantages of co-operative housing from the local authority point of view. Concludes with a look at leadership problems with co-operatives, and suggests ways they can be resolved.
650 ## - SUBJECT ADDED ENTRY--TOPICAL TERM
Topical term or geographic name entry element HOUSING CO OPERATIVES
690 ## - LOCAL SUBJECT ADDED ENTRY--TOPICAL TERM (OCLC, RLIN)
Topical term or geographic name as entry element Block management
9 (RLIN) 6220
942 ## - ADDED ENTRY ELEMENTS (KOHA)
Suppress in OPAC 0
948 ## - LOCAL PROCESSING INFORMATION (OCLC); SERIES PART DESIGNATOR (RLIN)
c (OCLC) 04/03/1997
Holdings
Withdrawn status Lost status Source of classification or shelving scheme Damaged status Not for loan Home library Current library Shelving location Date acquired Total Checkouts Full call number Barcode Date last seen Copy number Price effective from Koha item type
    Dewey Decimal Classification     London London Journal article 14/09/1999   ABS37692 6217-1001 06/08/2019 1 06/08/2019 Journal article